El Salvador: las proposiciones de la junta y la empresa privada

Salvato in:
Dettagli Bibliografici
Natura: testo
Soggetti:
Tags: Aggiungi Tag
Nessun Tag, puoi essere il primo ad aggiungerne!!

MARC

LEADER 00000 a a2200000 04500
001 17995
003
040
245 |a El Salvador:   |b las proposiciones de la junta y la empresa privada  
650 |a MILITARISMO  
650 |a POLITICA  
650 |a RELIGION  
650 |a AMNISTIA  
650 |a EL SALVADOR  
773 |g volumen 4, número 43; páginas 497  
999 |c 21397  |d 21397 
773 0 |0 42391  |9 3854  |a Agencia Latinoamericana de Información, ALAI  |d Quito, Ecuador: ALAI  |o 04441  |t ALAI:  |x 08275564 (Servicio mensual de información y documentación)